zpět

Detail výsledku týmu

Hasičárna Na Vyhlídce, Ostrava

Datum a čas kvízu

20 Celkem bodů Celkový počet nahraných bodů na tomto kvízu bez doplňovacích otázek.
9. Pořadí na kvízu Konečné umístění týmu na tomto kvízu.

Zaznamenané odpovědi

# Otázka Odpověď Body Výsledky
1. V pondělí se konal ustavující... GEN 0
2. Mladý chirurg z Tchaj-peje si... C) vasektomii (sterilizaci) 0
3. Minulý týden jsme se dozvěděli... Praha 0
4. Jak se nazývá zvířecí znamení... had 1
5. Minulý týden proběhl v estonsk... v krasobruslení 0
6. Začneme největšími společnými... Poupata, Michal David 0.5
7. Tento taneční fitness program... zumba 0
8. Tato cvičební metoda se snaží... Pilates 0
9. Jógu, přesněji řečeno hatha jó... ásany 0
10. Tato žena se narodila v roce 1... Jane Fonda 0